| 000 | 00652nam a2200157Ia 4500 | ||
|---|---|---|---|
| 008 | 090124s9999 xx 000 0 und d | ||
| 082 | _b31586 | ||
| 245 | _a लपंडाव खऱ्या खोट्याचा (एकांकिका) | ||
| 250 | _a1 | ||
| 260 |
_b"नेहरू सेंटर, मुंबई" _c1991 |
||
| 300 | _a153 | ||
| 630 | _a लपंडाव खऱ्या खोट्याचा (एकांकिका) | ||
| 700 | _aनाट्यदर्पण प्रतिष्ठान | ||
| 730 | _a लपंडाव खऱ्या खोट्याचा (एकांकिका) | ||
| 942 | _cBOOK | ||
| 999 |
_c97621 _d97621 |
||